| 000 | 00429nam a2200181Ia 4500 | ||
|---|---|---|---|
| 005 | 20250423095053.0 | ||
| 008 | 250422s9999 xx 000 0 und d | ||
| 020 | _a0764531506 | ||
| 050 | _aQA 76.625 .M327/ | ||
| 100 | _aMansfield, Richard | ||
| 245 | 0 | _aDiscover activex | |
| 260 | _aFoster | ||
| 260 | _bIDG | ||
| 260 | _c1997 | ||
| 300 | _a436 p | ||
| 650 | _aActiveX. Internet programming. Web sites. | ||
| 942 | _cBK | ||
| 999 |
_c29151 _d29151 |
||